| 000 | 00556nam a2200193 i 4500 | ||
|---|---|---|---|
| 001 | 87529 | ||
| 003 | ES-MaACL | ||
| 005 | 20230906175704.0 | ||
| 007 | t| | ||
| 008 | 041222s1967 sp ||||1| spa d | ||
| 100 | 1 |
_aLabandeira, Eduardo. _969204 |
|
| 245 | 1 | 4 |
_aLas presunciones en Derecho CanĂ³nico / _cEduardo Labandeira. |
| 260 |
_a[Pamplona : _bUniversidad de Navarra, _c1967] |
||
| 300 |
_a202 p. ; _c22 cm. |
||
| 490 | 1 |
_aCuadernos ; _v9 |
|
| 830 | 0 |
_aCuadernos ; _v9 _9178297 |
|
| 852 |
_aES-MaACL _jC-32716 _bR.63226 |
||
| 999 |
_c87529 _d87529 |
||